000 00314nam a2200133Ia 4500
008 151001s9999||||xx |||||||||||||| ||und||
100 _a नीलाभ
245 _aशोक का सुख
250 _a1
260 _bसदानीरा
260 _c2004
300 _a79
365 _b18
999 _c985184
_d985181